000 00420nam a2200181Ia 4500
008 170918s9999 xx 000 0 und d
020 _a9780786891177
050 _bA339fo 2006
100 _aAlbom, Mitch
245 _aFor one more day /
245 _cby Mitch Albom.
260 _aNew York :
260 _bHyperion,
260 _c2006
300 _a197 pages :
300 _billustrations ;
300 _c17cm.
999 _c344041
_d344041